পঞ্চতন্ত্রম : (Record no. 110870)
[ view plain ]
| 000 -LEADER | |
|---|---|
| fixed length control field | 00918nam a22001937a 4500 |
| 003 - CONTROL NUMBER IDENTIFIER | |
| control field | BD-DhUL |
| 005 - DATE AND TIME OF LATEST TRANSACTION | |
| control field | 20161018143415.0 |
| 008 - FIXED-LENGTH DATA ELEMENTS--GENERAL INFORMATION | |
| fixed length control field | 161018b xxu||||| |||| 00| 0 eng d |
| 040 ## - CATALOGING SOURCE | |
| Transcribing agency | BD-DhUL |
| 082 ## - DEWEY DECIMAL CLASSIFICATION NUMBER | |
| Classification number | 891.23 |
| Item number | BIP |
| 100 ## - MAIN ENTRY--PERSONAL NAME | |
| Personal name | বিষ্ণূশর্মা |
| 245 ## - TITLE STATEMENT | |
| Title | পঞ্চতন্ত্রম : |
| Statement of responsibility, etc. | বিষ্ণূশর্মা |
| Remainder of title | অপরীক্ষিতকারকম (মূল, বিসন্ধি, অন্বয়, বঙ্গানুবাদ, টিপ্পনী, ভুমিকাসহ) / |
| 260 ## - PUBLICATION, DISTRIBUTION, ETC. (IMPRINT) | |
| Place of publication, distribution, etc. | কলিকাতা : |
| Name of publisher, distributor, etc. | সংস্কৃত পুস্তক ভান্ডার, |
| Date of publication, distribution, etc. | ১৯৯৬. |
| 300 ## - PHYSICAL DESCRIPTION | |
| Extent | ৯২ পৃ. ; |
| Dimensions | ২০ সেমি. |
| 650 ## - SUBJECT ADDED ENTRY--TOPICAL TERM | |
| Topical term or geographic name as entry element | ইতিহাস |
| General subdivision | History |
| 700 ## - ADDED ENTRY--PERSONAL NAME | |
| Personal name | ঋতা চট্টোপাধ্যায় |
| 700 ## - ADDED ENTRY--PERSONAL NAME | |
| Personal name | বাসন্তী চট্টোপাধ্যায় |
| 942 ## - ADDED ENTRY ELEMENTS (KOHA) | |
| Source of classification or shelving scheme | |
| Koha item type | Books |
| Price effective from | Date last seen | Permanent Location | Not for loan | Date acquired | Source of classification or shelving scheme | Koha item type | Lost status | Withdrawn status | Copy number | Source of acquisition | Collection code | Damaged status | Shelving location | Barcode | Current Location | Full call number |
|---|---|---|---|---|---|---|---|---|---|---|---|---|---|---|---|---|
| 2016-10-18 | 2016-10-18 | Dhaka University Library | 2016-10-18 | Books | Purchased | Non Fiction | General Stacks | 455699 | Dhaka University Library | 891.23 BIP | ||||||
| 2016-10-18 | 2016-10-18 | Dhaka University Library | 2016-10-18 | Books | 2 | Purchased | Non Fiction | General Stacks | 421899 | Dhaka University Library | 891.23 BIP | |||||
| 2016-10-18 | 2016-10-18 | Dhaka University Library | 2016-10-18 | Books | 5 | Purchased | Non Fiction | General Stacks | 421902 | Dhaka University Library | 891.23 BIP | |||||
| 2016-10-18 | 2016-10-18 | Dhaka University Library | 2016-10-18 | Books | 1 | Purchased | Non Fiction | General Stacks | 421898 | Dhaka University Library | 891.23 BIP | |||||
| 2016-10-18 | 2016-10-18 | Dhaka University Library | 2016-10-18 | Books | 3 | Purchased | Non Fiction | General Stacks | 421900 | Dhaka University Library | 891.23 BIP | |||||
| 2016-10-18 | 2016-10-18 | Dhaka University Library | 2016-10-18 | Books | 4 | Purchased | Non Fiction | General Stacks | 421901 | Dhaka University Library | 891.23 BIP | |||||
| 2016-10-18 | 2016-10-18 | Dhaka University Library | 2016-10-18 | Books | Purchased | Non Fiction | General Stacks | 407028 | Dhaka University Library | 891.23 BIP |
